000 00625nam a2200241Ia 4500
003 OSt
005 20221005072217.0
006 a|||||r|||| 00| 0
007 ta
008 221004b |||||||| |||| 00| 0 eng d
024 _a44800
037 _cTextual
040 _aCRL
_cCRL
_beng
041 _2eng
_aeng
082 _aP.2z7, N4-;1
100 _aKoul Omkar N Ed.
245 0 _aLanguage development and administration
260 _aNew Delhi
_bCreative
_c1994
300 _a147p
_ccm.
650 _aLINGUISTICS
942 _hP.2z7, N4-;1
_cTEXL
_2cc
999 _c979035
_d979035